Reflections I (Record no. 31436)

MARC details
000 -LEADER
fixed length control field 00404nam a2200169Ia 4500
008 - FIXED-LENGTH DATA ELEMENTS--GENERAL INFORMATION
fixed length control field 220531s9999 xx 000 0 und d
041 ## - LANGUAGE CODE
Language code of text/sound track or separate title eng
082 ## - DEWEY DECIMAL CLASSIFICATION NUMBER
Item number BHA
100 ## - MAIN ENTRY--PERSONAL NAME
Personal name Bhaskaran P. Nair &. Others
9 (RLIN) 54276
245 ## - TITLE STATEMENT
Title Reflections I
260 ## - PUBLICATION, DISTRIBUTION, ETC. (IMPRINT)
Place of publication, distribution, etc. Pune
Name of publisher, distributor, etc. Cambridge
Date of publication, distribution, etc. 2007
300 ## - PHYSICAL DESCRIPTION
Extent 198
542 ## - INFORMATION RELATING TO COPYRIGHT STATUS
Copyright holder 25-06-2008
650 ## - SUBJECT ADDED ENTRY--TOPICAL TERM
Topical term or geographic name as entry element English
9 (RLIN) 54277
906 ## - LOCAL DATA ELEMENT F, LDF (RLIN)
d 2008-2009
Holdings
Withdrawn status Lost status Source of classification or shelving scheme Damaged status Not for loan Collection code Home library Current library Date acquired Vendor Cost, normal purchase price Total Checkouts Total Holds Full call number Barcode Date last seen Bill Date Koha item type Original Barcode
Withdrawn   Dewey Decimal Classification       Shri Siddhivinayak Mahila Mahavidyalaya Shri Siddhivinayak Mahila Mahavidyalaya 25/06/2008 Ved 78.00   5 /BHA/B/12435 SSMM-BK-12435 06/08/2022 06/08/2022 Books 010012435